| 000 -LEADER |
| fixed length control field |
00960nam a2200253Ia 4500 |
| 001 - CONTROL NUMBER |
| control field |
18157 |
| 003 - CONTROL NUMBER IDENTIFIER |
| control field |
GE_BSU |
| 008 - FIXED-LENGTH DATA ELEMENTS--GENERAL INFORMATION |
| fixed length control field |
181216s||||||||xx |||||||||||||| ||und|| |
| 020 ## - INTERNATIONAL STANDARD BOOK NUMBER |
| International Standard Book Number |
978-9941-0-1689-9 |
| 040 ## - CATALOGING SOURCE |
| Transcribing agency |
GE_BSU |
| 080 ## - UNIVERSAL DECIMAL CLASSIFICATION NUMBER |
| Universal Decimal Classification number |
811.353.1'36 |
| 100 ## - MAIN ENTRY--PERSONAL NAME |
| Personal name |
კვანტალიანი, ლეილა |
| 245 ## - TITLE STATEMENT |
| Title |
სილოვან ხუნდაძის გრამატიკული ნაშრომები |
| 245 ## - TITLE STATEMENT |
| Statement of responsibility, etc. |
რედ. ჟ. ფეიქრიშვილი |
| 260 ## - PUBLICATION, DISTRIBUTION, ETC. |
| Place of publication, distribution, etc. |
თბილისი |
| 260 ## - PUBLICATION, DISTRIBUTION, ETC. |
| Date of publication, distribution, etc. |
2009 |
| 300 ## - PHYSICAL DESCRIPTION |
| Extent |
80გვ. ; 20სმ |
| 520 ## - SUMMARY, ETC. |
| Summary, etc. |
ბიბლიოგრ. ტექსტ. შენიშვნ. |
| 653 ## - INDEX TERM--UNCONTROLLED |
| Uncontrolled term |
სილოვან ხუნდაძის გრამატიკული ნაშრომები |
| 653 ## - INDEX TERM--UNCONTROLLED |
| Uncontrolled term |
ქართული ენა |
| 653 ## - INDEX TERM--UNCONTROLLED |
| Uncontrolled term |
ქართული ენის გრამატიკა |
| 942 ## - ADDED ENTRY ELEMENTS (KOHA) |
| Koha item type |
წიგნი |